00765nam a22001577a 4500008004100000020001500041050001500056100002300071245008300094250000800177260003700185300003300222500002000255505031100275700002100586120612t xxu||||| |||| 00| 0 eng d a0324319843 aHG4026.B76 aBrigham, Eugene F. aFundamentals of financial management. /cEugene F. Brigham and Houston Joel F. a5th aMason: bSouth- Western, c2007. axxxi, 594 p.: bill.;c26cm. aIncludes index. aContents: Introduction to financial management -- Fundamental concepts in financial mangement -- Financial assets -- Investing in long-term assets: capital budgeting -- Capital structure and dividend policy -- Working capital management, forecasting and multinational financial management -- Appendixes.r  aJoel F. Houston